000 nam a22 4500
999 _c8964
_d8964
008 180322b ||||| |||| 00| 0 eng d
100 _927019
_aBurgos Jr., Nestor P.
245 _aDENR probes clearing near Boracay bat sanctuary/
_cNestor P. Burgos Jr.
260 _aPhilippines
_bManila Bulletin
_cc2017
300 _apage 6.
650 0 _927020
_aEnvironmental protection.
942 _2ddc
_cPER